00539nam a2200169 a 450000100060000000300090000600800410001502000150005604000280007108200170009910000190011624500260013526000200016130000110018150501240019265000530031622714CO-ViMGA141112s2004 ck r 000 u spa d a958690850X aCO-ViMGAbspacCO-ViMGA04a340.11 D371a1 aDe Saint Albin10aEl argumento juridico aColombia. Leyer a47 Pag aConcepto, Principios de los argumentos, La forma de los argumentos y de sus diversas especies, Los argumentos legales, 14aARGUMENTACION (DERECHO), ARGUMENTACION MANUALES